|
|
|
|
| LEADER |
00000nam a22000007a 4500 |
| 005 |
20210805224928.0 |
| 007 |
cr|||| |||| |
| 008 |
210805s2016 ca |||||s|||| 00||0 eng d |
| 020 |
|
|
|a 9781552214374
|
| 035 |
|
|
|a 34952
|
| 040 |
|
|
|a vLex
|
| 090 |
|
|
|c 11931
|d 11931
|
| 100 |
1 |
|
|a Pitel, Stephen G.A.
|
| 245 |
1 |
0 |
|a Conflict of Laws
|h [Recurso electrn̤ico] /
|c Stephen G.A. Pitel, Nicholas S. Rafferty
|
| 250 |
|
|
|a Segunda Edicin̤
|
| 256 |
|
|
|a Servicio en ln̕ea
|
| 260 |
|
|
|a Toronto:
|b Irwin Law Inc.,
|c 2016
|
| 300 |
|
|
|a 1 recurso electrn̤ico
|
| 500 |
|
|
|a Conflict of laws, or private international law as it is sometimes called, takes on greater importance with each passing year. Globalization is eroding borders in commercial transactions and family relationships, yet much law remains highly territorial. Stephen Pitel and Nicholas Rafferty have written a highly readable and thoughtful treatise that explains and analyzes the rules of the conflict of laws in force in common law Canada in a clear and concise manner. Understanding the conflict of laws allows lawyers, judges, scholars, and students to better address any legal situation that crosses borders, whether international or interprovincial. For the second edition, the chapter on jurisdiction has been rewritten in light of the Supreme Court of Canada’s decision in Club Resorts Ltd v Van Breda (2012) and the evolving jurisprudence under the Court Jurisdiction and Proceedings Transfer Act. In addition, a new chapter on matrimonial property division has been added. All chapters have been updated to reflect new decisions, legislative changes, and recent scholarship.
|
| 506 |
1 |
|
|a Disponible solo en los productos indicados
|d vLex Global
|d vLex Global (Academic Edition, excluding Law Schools)
|d vLex Global (U.S. Academic Edition, Law Schools)
|d vLex Global (U.S. Academic Edition, excluding Law Schools)
|d vLex Global (Academic Edition, Law Schools)
|
| 650 |
0 |
4 |
|a Derecho Internacional
|z Canad̀
|
| 700 |
1 |
|
|a Rafferty, Nicholas S.
|
| 740 |
0 |
|
|a vLex Libros (Servicio en ln̕ea)
|
| 856 |
4 |
0 |
|u https://app.vlex.com/#/sources/34952
|z Acceso restringido
|
| 942 |
|
|
|c BOOK
|
| 999 |
0 |
|
|a International right
|